000 00639nam a2200217Ia 4500
005 20240321111653.0
008 131103s9999 xx 000 0 und d
020 _a8177581201
_c195.00
040 _aLoreto College
041 _aEnglish
082 _a510
_bKOL
100 _aKolman, Bernard
245 _aDiscrete mathematical structures
_cBernard Kolman, Robert C. Bushby, Sharon Cutler Ross, Nadeem-ur-Rehman
260 _aNew Delhi
_bPearson Educatiion
_c2004
300 _axvii,520p
504 _aIncludes glossary and index
650 _aDiscrete Mathematics
700 _aBusby, Robert C.
850 _aLCLIB
942 _cBK
999 _c16363
_d66842